Every WWE MITB Main Eventer - Statistics

General Stats
  • This quiz has been taken 125 times
    78 since last reset
  • The average score is 19 of 43
Answer Stats
Year(s) Name No. of Times % Correct
2010-2012, 2014 John Cena 4
91%
2015-2016 Seth Rollins 3
85%
2012, 2018 The Miz 2
76%
2014, 2016 Roman Reigns 2
75%
2012, 2014 Kane 2
73%
2013-2014, 2019 Randy Orton 3
73%
2011, 2013 CM Punk 2
72%
2015-2016 Dean Ambrose 2
70%
2017, 2019-2020 Baron Corbin/King Corbin 3
61%
2010, 2013-2014 Sheamus 3
61%
2017, 2020 AJ Styles 2
60%
2019 Brock Lesnar 1
58%
2012 Big Show 1
57%
2020 Otis 1
55%
2020 Rey Mysterio 1
54%
2013, 2020 Daniel Bryan 2
52%
2017 Dolph Ziggler 1
52%
2014 Alberto Del Rio 1
45%
2014 Bray Wyatt 1
45%
2020 Asuka 1
43%
2019 Drew McIntyre 1
43%
2018 Kofi Kingston 1
43%
2012 Chris Jericho 1
42%
2018 Braun Strowman 1
40%
2014 Cesaro 1
40%
2013 Christian 1
40%
2017-2018 Kevin Owens 2
39%
2017 Shinsuke Nakamura 1
37%
2019 Ali 1
34%
2018 Rusev 1
34%
2020 Carmella 1
33%
2017 Sami Zayn 1
33%
2018 Samoa Joe 1
28%
2019 Andrade 1
27%
2018-2019 Finn Bálor 2
25%
2013 Rob Van Dam 1
25%
2020 Aleister Black 1
24%
2019 Ricochet 1
24%
2020 Nia Jax 1
22%
2020 Shayna Baszler 1
21%
2018 Bobby Roode 1
18%
2020 Lacey Evans 1
13%
2020 Dane Brooke 1
0%
No matching quizzes found
Score Distribution
Percent of People with Each Score
Percentile by Number Answered
Your Score History
You have not taken this quiz since the last reset